000
00334nam a2200145Ia 4500
005
20251222153620.0
008
251222s9999||||xx |||||||||||||| ||spa||
020
_a
8470502190
082
_a
265/C36
100
_a
Catella, Alceste
245
0
_a
Las Plegarias Eucarísticas
250
_a
1ra .ed
264
_b
EDICEP
942
_c
LIB
999
_c
31956
_d
31956